Faculty of Law Library — Cairo University

Official Online Catalog

النظام القانوني للمنشورات الإدارية / (Record no. 56958)

MARC details
000 -LEADER
fixed length control field 01281nam a2200313 i 4500
003 - CONTROL NUMBER IDENTIFIER
control field EG-GICUC
005 - DATE AND TIME OF LATEST TRANSACTION
control field 20260121101726.0
008 - FIXED-LENGTH DATA ELEMENTS--GENERAL INFORMATION
fixed length control field 260113s2002 ua ||||fr|||| 00| 0 ara d
040 ## - CATALOGING SOURCE
Original cataloging agency EG-GICUC
Language of cataloging ara
Transcribing agency EG-GICUC
Modifying agency EG-GICUC
Description conventions rda
041 0# - LANGUAGE CODE
Language code of text/sound track or separate title ara
082 04 - DEWEY DECIMAL CLASSIFICATION NUMBER
Edition number 21
Classification number 345.6131
Item number م ح . ن
092 04 - LOCALLY ASSIGNED DEWEY CALL NUMBER (OCLC)
Edition number 21
099 ## - LOCAL FREE-TEXT CALL NUMBER (OCLC)
Classification number Law1 07 345.6131 م ح . ن 2002
100 0# - MAIN ENTRY--PERSONAL NAME
Personal name محمد عبد الواحد الجميلي
Relator term مؤلف.
245 12 - TITLE STATEMENT
Title النظام القانوني للمنشورات الإدارية /
Statement of responsibility, etc. د محمد عبد الواحد الجميلي.
264 #1 - PRODUCTION, PUBLICATION, DISTRIBUTION, MANUFACTURE, AND COPYRIGHT NOTICE
Place of production, publication, distribution, manufacture المنصورة :
Name of producer, publisher, distributor, manufacturer كلية الحقوق - جامعة المنصورة،
Date of production, publication, distribution, manufacture, or copyright notice 2002.
300 ## - PHYSICAL DESCRIPTION
Extent 192 صفحة؛
Dimensions 24 سم.
336 ## - CONTENT TYPE
Source rda content
Content type term text
337 ## - MEDIA TYPE
Source rda media
Media type term Computer
338 ## - CARRIER TYPE
Source rda carrier
Carrier type term Online Resource
504 ## - BIBLIOGRAPHY, ETC. NOTE
Bibliography, etc. note 189-177 ببليوجرافيا: صفحات.
504 ## - BIBLIOGRAPHY, ETC. NOTE
Bibliography, etc. note يتشمل على إرجاعات ببليوجرافية.
546 ## - LANGUAGE NOTE
Language note النص أغلبه باللغة العربية مع بعض النصوص الفرنسية
650 14 - SUBJECT ADDED ENTRY--TOPICAL TERM
Topical term or geographic name entry element المنشورات وتعليمات الإدارة
650 14 - SUBJECT ADDED ENTRY--TOPICAL TERM
Topical term or geographic name entry element القانون الإداري
856 40 - ELECTRONIC LOCATION AND ACCESS
Uniform Resource Identifier <a href="https://fll.law.cu.edu.eg/fulltext/bks/B07-02036.pdf">https://fll.law.cu.edu.eg/fulltext/bks/B07-02036.pdf</a>
905 ## - Cataloger and Reviser Names
Cataloger Name: Sara El-Gendy
942 ## - ADDED ENTRY ELEMENTS (KOHA)
Source of classification or shelving scheme Dewey Decimal Classification
Koha item type Books
Edition 21
Suppress in OPAC No
Holdings
Withdrawn status Lost status Source of classification or shelving scheme Damaged status Not for loan Collection Home library Current library Date acquired Total checkouts Full call number Barcode Date last seen Copy number Price effective from Koha item type
    Dewey Decimal Classification   Not for loan القانون الإداري جــــامعة القــاهرة مكتبة كلية الحقوق - المبنى الرئيسي 13.01.2026   Law1 07 345.6131 م ح . ن 2002 0702036 C1 B07-02036 13.01.2026 1 13.01.2026 Books
    Dewey Decimal Classification     القانون الإداري جــــامعة القــاهرة مكتبة كلية الحقوق - المبنى الرئيسي 13.01.2026   Law1 07 345.6131 م ح . ن 2002 0702037 C2 B07-02037 13.01.2026 2 13.01.2026 Books
    Dewey Decimal Classification     القانون الإداري جــــامعة القــاهرة مكتبة كلية الحقوق - فـرع الشيخ زايد 17.01.2026   Law2 07 345.6131 م ح . ن 2002 0702406 C3 B07-02406 17.01.2026 3 17.01.2026 Books

© All rights reserved — Faculty of Law, Cairo University